Catálogo
 En Linea

Los derechos del niño / (Registro nro. 31505)

Detalles MARC
000 -CABECERA
campo de control de longitud fija 00450nam a2200145 a 4500
001 - NÚMERO DE CONTROL
campo de control 000032014
005 - FECHA Y HORA DE LA ÚLTIMA TRANSACCIÓN
campo de control 20200930063345.0
008 - DATOS DE LONGITUD FIJA--INFORMACIÓN GENERAL
campo de control de longitud fija 110707s1979 pr 000 0 spa d
040 ## - FUENTE DE LA CATALOGACIÓN
Centro catalogador/agencia de origen DO-SdBNP
Lengua de catalogación spa
Centro/agencia transcriptor BNPHU
049 ## - FONDOS LOCALES (OCLC)
Fondos de biblioteca BNPD
100 1# - ENTRADA PRINCIPAL--NOMBRE DE PERSONA
Nombre de persona Fiallo de Cintrón, Therma
9 (RLIN) 58162
245 14 - MENCIÓN DE TÍTULO
Título Los derechos del niño /
Mención de responsabilidad, etc. Thelma fiallo de Cintrón.
260 ## - PUBLICACIÓN, DISTRIBUCIÓN, ETC.
Lugar de publicación, distribución, etc. San Juan, Puerto Rico :
Nombre del editor, distribuidor, etc. Bolinquen Printin,
Fecha de publicación, distribución, etc. 1979.
300 ## - DESCRIPCIÓN FÍSICA
Extensión 27 p. :
Otras características físicas il., retrs. ;
Dimensiones 18 cm.
Existencias
Estado de retiro Estado de pérdida Restricciones de uso No para préstamo Código de colección Localización permanente Ubicación/localización actual Ubicación en estantería Fecha de adquisición Número de inventario Total de préstamos Signatura topográfica completa Código de barras Fecha visto por última vez Precio válido a partir de Tipo de ítem Koha
      Excluido de préstamo Monografías: Libros y Folletos Patrimonio Dominicano Patrimonio Dominicano En catalogación 07.07.2011 LF1   32014-10 25.06.2020 25.06.2020 No se presta

Con tecnología Koha